Loading...
| History - European History | 0 | 6 | 0 | 1 | 60 | 44 | 87.33 | 4 | 6 |
| History - Other History | 0 | 5 | 0 | 0 | 50 | 37 | 55.20 | 3 | 5 |
| History - American History | 0 | 5 | 0 | 2 | 50 | 73 | 94.40 | 0 | 5 |
| History - World History | 0 | 5 | 1 | 0 | 45 | 33 | 56.60 | 1 | 5 |
| Science - Biology | 0 | 3 | 1 | 0 | 25 | 56 | 65.00 | 2 | 3 |
| Social Science | 0 | 2 | 0 | 0 | 20 | 62 | 74.50 | 1 | 2 |
| Religion | 0 | 2 | 0 | 2 | 20 | 119 | 123.50 | 0 | 2 |
| Geography/Current Events | 0 | 2 | 1 | 2 | 15 | 119 | 126.00 | 0 | 2 |
| Science - Chemistry | 0 | 2 | 1 | 0 | 15 | 67 | 69.50 | 1 | 2 |
| Literature - World/Other Literature | 0 | 1 | 0 | 0 | 10 | 91 | 91.00 | 1 | 1 |
| Science - Other Science | 0 | 0 | 1 | 0 | -5 | 0.00 | 0 | 0 | |
| Fine Arts - Other Fine Arts | 0 | 0 | 1 | 0 | -5 | 0.00 | 0 | 0 |